| Tag |
First Indicator |
Second Indicator |
Subfields |
| LEADER |
00000cam a2200000 4500 |
| 001 |
in00000026315 |
| 005 |
20151007061231.0 |
| 008 |
750729s1946 nyuac 00010 eng u |
| 010 |
|
|
|a 46008020
|
| 035 |
|
|
|a (OCoLC)01487010
|
| 035 |
|
|
|9 AAD1509AM
|
| 040 |
|
|
|c JPL
|d TXA
|d UtOrBLW
|
| 049 |
|
|
|a TXAM
|c [148586]
|
| 050 |
0 |
0 |
|a GV951
|b .D232 1946
|
| 082 |
0 |
|
|a 796.33
|
| 092 |
|
|
|a 796.33
|b D127f3
|
| 100 |
1 |
|
|a Da Grosa, John,
|d 1902-
|
| 245 |
1 |
0 |
|a Functional football /
|c by John Da Grosa ...
|
| 250 |
|
|
|a 3d ed., rev. ...
|
| 264 |
|
1 |
|a New York :
|b A.S. Barnes and company,
|c [1946]
|
| 300 |
|
|
|a xv, 341 pages including frontispiece (port.) illustrations, diagrams ;
|c 24 cm.
|
| 336 |
|
|
|a text
|b txt
|2 rdacontent
|
| 337 |
|
|
|a unmediated
|b n
|2 rdamedia
|
| 338 |
|
|
|a volume
|b nc
|2 rdacarrier
|
| 650 |
|
0 |
|a Football.
|
| 999 |
|
|
|a MARS
|
| 999 |
f |
f |
|s cd43fbbd-81d6-31c8-8ec9-1d7cb2968dc1
|i a6c03534-2fae-3e38-aaa4-d4b84b776fc8
|t 0
|
| 952 |
f |
f |
|p ric
|a Texas A&M University
|b Rellis Campus
|c Joint Library Facility
|d Remote Storage
|t 0
|e GV951 .D232 1946
|h Library of Congress classification
|i unmediated -- volume
|m A14826955369
|
| 998 |
f |
f |
|a GV951 .D232 1946
|t 0
|l Remote Storage
|